|
|
|
|
| LEADER |
00000nam a22000007a 4500 |
| 005 |
2015092900330.0 |
| 007 |
cr|||| |||| |
| 008 |
150929s2015 ck |||||s|||| 00||0 spa d |
| 020 |
|
|
|a 978-958-771-184-4
|
| 035 |
|
|
|a 12862
|
| 040 |
|
|
|a vLex
|
| 090 |
|
|
|c 5558
|d 5558
|
| 100 |
1 |
|
|a Jimňez Lozano, ℓlvaro
|
| 245 |
1 |
0 |
|a Estatuto Tributario 2015
|h [Recurso electrn̤ico] /
|c ℓlvaro Jimňez Lozano /
|
| 256 |
|
|
|a Servicio en ln̕ea
|
| 260 |
|
|
|a Colombia:
|b ECOE,
|c 2015
|
| 300 |
|
|
|a 1 recurso electrn̤ico
|
| 506 |
|
|
|a Contenido solo disponible en los productos indicados
|d vLex Global
|d vLex Global (Academic Edition, excluding Law Schools)
|d vLex Global (U.S. Academic Edition, Law Schools)
|d vLex Global (U.S. Academic Edition, excluding Law Schools)
|d vLex Global (Academic Edition, Law Schools)
|
| 650 |
0 |
4 |
|z Colombia
|a Derecho fiscal
|
| 740 |
|
|
|a vLex libros (Servicio en ln̕ea)
|
| 856 |
4 |
0 |
|u http://vlex.com/source/12862
|z Acceso restringido
|
| 942 |
|
|
|c BOOK
|
| 999 |
0 |
|
|a Taxation
|
| 999 |
0 |
|
|a Law
|